Salta al contenuto
VuFind
Lingua
English
Deutsch
Español
Français
Italiano
日本語
Nederlands
Português
Português (Brasil)
中文(简体)
中文(繁體)
Türkçe
עברית
Gaeilge
Cymraeg
Ελληνικά
Català
Euskara
Русский
Čeština
Suomi
Svenska
polski
Dansk
slovenščina
اللغة العربية
বাংলা
Galego
Tiếng Việt
Hrvatski
हिंदी
Tutti i Campi
Titolo
Autore
Soggetto
Collocazione
ISBN/ISSN
Tag
Cerca
Avanzata
The mango a handbook
Citazione
Invia email
Stampa
Esporta il record
Esporta a RefWorks
Esporta a EndNoteWeb
Esporta a EndNote
permanent_link
Caricamento...
The mango a handbook
Dettagli Bibliografici
Altri autori:
Narasingas Rao
(Redattore)
,
Ragavakurup, C. G
(E.d)
Lingua:
English
Posseduto
Descrizione
Documenti analoghi
MARC21
LEADER
00244nam a2200097Ia 4500
008
210227s9999||||xx |||||||||||||| ||eng||
245
4
|a
The mango a handbook
700
|a
Narasingas Rao
|e
editor
700
|a
Ragavakurup, C. G
|e
E.d
942
|c
BK
999
|c
357566
|d
357566
Documenti analoghi
Mango: a handbook
di: Raghavakurup, C G
Pubblicazione: (1967)
Mango: a handbook
di: Raghava Kurup, G C
Pubblicazione: (1967)
Mango: a handbook
di: Raghava Kurup, G C
Pubblicazione: (1967)
Mango: a handbook
di: Raghava Kurup, G C
Pubblicazione: (1967)
Mango: a handbook
di: Raghava Kurup, G C
Pubblicazione: (1967)
Caricamento...